<?xml version="1.0" encoding="UTF-8"?>
<record
    xmlns:xsi="http://www.w3.org/2001/XMLSchema-instance"
    xsi:schemaLocation="http://www.loc.gov/MARC21/slim http://www.loc.gov/standards/marcxml/schema/MARC21slim.xsd"
    xmlns="http://www.loc.gov/MARC21/slim">

  <leader>00839na  a2200241   4500</leader>
  <controlfield tag="001">22639</controlfield>
  <controlfield tag="003">MIRAKIL</controlfield>
  <controlfield tag="005">20181213155254.0</controlfield>
  <controlfield tag="008">170220b        tu            000 0      </controlfield>
  <datafield tag="040" ind1=" " ind2=" ">
    <subfield code="a">Milas</subfield>
    <subfield code="b">tur</subfield>
    <subfield code="c">TR-AnCHP</subfield>
  </datafield>
  <datafield tag="041" ind1=" " ind2=" ">
    <subfield code="a">tur</subfield>
  </datafield>
  <datafield tag="082" ind1=" " ind2=" ">
    <subfield code="a">SHP 324.172</subfield>
    <subfield code="b">S36s 1993</subfield>
  </datafield>
  <datafield tag="090" ind1=" " ind2=" ">
    <subfield code="a">SHP 324.172 S36s 1993</subfield>
  </datafield>
  <datafield tag="110" ind1=" " ind2=" ">
    <subfield code="a">Sosyaldemokrat Halk&#xE7;&#x131; Parti (SHP)</subfield>
    <subfield code="b">&#x130;stanbul &#x130;l Ba&#x15F;kanl&#x131;&#x11F;&#x131;</subfield>
  </datafield>
  <datafield tag="245" ind1=" " ind2=" ">
    <subfield code="a">SHP &#x130;stanbul &#x130;l ba&#x15F;kanl&#x131;&#x11F;&#x131; &#xE7;al&#x131;&#x15F;ma raporu</subfield>
    <subfield code="b">30 Haziran 1991-1 A&#x11F;ustos 1993</subfield>
    <subfield code="c">SHP &#x130;stanbul &#x130;l Ba&#x15F;kanl&#x131;&#x11F;&#x131;</subfield>
  </datafield>
  <datafield tag="260" ind1=" " ind2=" ">
    <subfield code="a">Ankara</subfield>
    <subfield code="b">SHP &#x130;stanbul &#x130;l Ba&#x15F;kanl&#x131;&#x11F;&#x131;</subfield>
    <subfield code="c">1993</subfield>
  </datafield>
  <datafield tag="300" ind1=" " ind2=" ">
    <subfield code="a">ykl&#x15F;. 100 s.</subfield>
    <subfield code="b">res.</subfield>
    <subfield code="c">29 sm.</subfield>
  </datafield>
  <datafield tag="610" ind1=" " ind2=" ">
    <subfield code="a">SHP</subfield>
    <subfield code="x">&#x130;l &#xF6;rg&#xFC;tleri</subfield>
    <subfield code="y">Raporlar</subfield>
    <subfield code="z">&#x130;stanbul</subfield>
  </datafield>
  <datafield tag="610" ind1=" " ind2=" ">
    <subfield code="a">SHP</subfield>
    <subfield code="x">&#x130;l kongreleri</subfield>
    <subfield code="z">&#x130;stanbul</subfield>
  </datafield>
  <datafield tag="651" ind1=" " ind2=" ">
    <subfield code="a">T&#xFC;rkiye</subfield>
    <subfield code="x">Yerel y&#xF6;netimler</subfield>
    <subfield code="y">&#xC7;al&#x131;&#x15F;malar</subfield>
  </datafield>
  <datafield tag="942" ind1=" " ind2=" ">
    <subfield code="2">ddc</subfield>
    <subfield code="c">BKS</subfield>
  </datafield>
  <datafield tag="952" ind1=" " ind2=" ">
    <subfield code="5">1</subfield>
    <subfield code="a">0001</subfield>
    <subfield code="b">0001</subfield>
    <subfield code="d">2017-02-20</subfield>
    <subfield code="e">2</subfield>
    <subfield code="f"> SHP</subfield>
    <subfield code="l">0</subfield>
    <subfield code="o">SHP 324.172 S36s 1993</subfield>
    <subfield code="p">016674</subfield>
    <subfield code="r">2017-02-20 00:00:00</subfield>
    <subfield code="v">0.00</subfield>
    <subfield code="w">2017-02-20</subfield>
    <subfield code="y">BKS</subfield>
  </datafield>
  <datafield tag="999" ind1=" " ind2=" ">
    <subfield code="c">9698</subfield>
    <subfield code="d">9698</subfield>
  </datafield>
</record>
